000 01116pam a2200289 a 4500
999 _c6647
_d6647
001 1004090
003 OSt
005 20200220111944.0
008 870211r19881926enka b 001 0 eng
010 _a 87005205
020 _a0521337089 (pbk.)
040 _aDLC
_cDLC
_dDLC
082 0 0 _a523.86
_219
_bEDD 1988
100 1 _aEddington, Arthur Stanley,
_cSir,
_d1882-1944.
_913675
245 1 4 _aThe internal constitution of the stars /
_cby Arthur S. Eddington ; with a new foreword by S. Chandrasekhar.
260 _aCambridge [Cambridgeshire] ;
_aNew York :
_bCambridge University Press,
_c1988.
300 _axiv, 407 p. :
_bill. ;
_c23 cm.
440 0 _aCambridge science classics
_913676
500 _aOriginally published: 1926.
500 _aIncludes index.
504 _aBibliography: p. [397]-402.
650 0 _aStars
_xConstitution.
_913677
856 4 2 _3Publisher description
_uhttp://www.loc.gov/catdir/description/cam023/87005205.html
856 4 1 _3Table of contents
_uhttp://www.loc.gov/catdir/toc/cam028/87005205.html
906 _a7
_bcbc
_corignew
_d1
_eocip
_f19
_gy-gencatlg
942 _2ddc
_cO_SHELF